书目信息 |
| 题名: |
无机及分析化学
|
|
| 作者: | 王泽云 , 范文秀 , 娄天军 主编 | |
| 分册: | ||
| 出版信息: | 北京 化学工业出版社 2005.08 |
|
| 页数: | 282页, [1] 页图版 | |
| 开本: | 26cm | |
| 丛书名: | ||
| 单 册: | ||
| 中图分类: | O6 | |
| 科图分类: | ||
| 主题词: | 无机化学--wu ji hua xue--高等学校--教材 , 分析化学--fen xi hua xue--高等学校--教材 | |
| 电子资源: | ||
| ISBN: | 7-5025-7234-1 | |
| 000 | 00971nam0 2200277 450 | |
| 001 | 012006886265 | |
| 005 | 20060701083150.85 | |
| 010 | @a7-5025-7234-1@dCNY32.00 | |
| 100 | @a20060610d2005 km y0chiy0120 ea | |
| 101 | 0 | @achi |
| 102 | @aCN@b110000 | |
| 105 | @aaf a 000yy | |
| 200 | 1 | @a无机及分析化学@Awu ji ji fen xi hua xue@f王泽云, 范文秀, 娄天军主编@Fwang ze yun,fan wen xiu,lou tian jun zhu bian |
| 210 | @a北京@c化学工业出版社@d2005.08 | |
| 215 | @a282页, [1] 页图版@c图@d26cm | |
| 320 | @a有书目 (第282页)。 | |
| 330 | @a本书主要包括:化学的基本原理和基础知识,化学平衡及其应用,仪器分析简介、元素化学知识等部分。 | |
| 333 | @a高等学校教材 | |
| 606 | 0 | @a无机化学@Awu ji hua xue@x高等学校@j教材 |
| 606 | 0 | @a分析化学@Afen xi hua xue@x高等学校@j教材 |
| 690 | @aO6@v4 | |
| 701 | 0 | @a王泽云@Awang ze yun@4主编 |
| 701 | 0 | @a范文秀@Afan wen xiu@4主编 |
| 701 | 0 | @a娄天军@Alou tian jun@4主编 |
| 801 | 0 | @aCN@bQSSK@c20060701 |
| 905 | @a10447@dO6@eW458 | |
| 无机及分析化学/王泽云, 范文秀, 娄天军主编.-北京:化学工业出版社,2005.08 |
| 282页, [1] 页图版:图;26cm |
| 使用对象:高等学校教材 |
| ISBN 7-5025-7234-1:CNY32.00 |
| 本书主要包括:化学的基本原理和基础知识,化学平衡及其应用,仪器分析简介、元素化学知识等部分。 |
| ● |
| 相关链接 |
|
|
|
正题名:无机及分析化学
索取号:O6/W458
 
预约/预借
| 序号 | 登录号 | 条形码 | 馆藏地/架位号 | 状态 | 备注 |
| 1 | 582065 | 205820655 | 自科库401/401自科库 60排2列5层/ [索取号:O6/W458] | 在馆 | |
| 2 | 582066 | 205820664 | 自科库401/401自科库 60排2列5层/ [索取号:O6/W458] | 在馆 | |
| 3 | 582067 | 205820673 | 自科库401/401自科库 60排2列5层/ [索取号:O6/W458] | 在馆 |